000 00592nam a22001937a 4500
999 _c7252
_d7252
003 GBCCL
005 20241126110623.0
008 180719b ||||| |||| 00| 0 eng d
020 _a0570052459
040 _cgbc
082 _a268.432
_bSTO
100 _aStohs, Anita Reith
_912839
245 _aSing-along praise :
_b piggyback songs about God's love /
_cAnita Reith Stohs
260 _aSt. Louis:
_bConcordia Publishing House,
_c1999
300 _a64 p.;
_bill.,
_c28 cm.
440 _aCPH teaching resources,
_v grades prek-3.
_912841
650 _aChildren's songs.
_912840
942 _2ddc
_cBK